000 00324nam a2200121Ia 4500
008 230717s1999 xx 000 0 und d
020 _a81-7588-056-2
041 _aeng
082 _a346.07
_bGUR
100 _aGururaj B. N
245 _aModvat : Law And Procedures
260 _aNew Delhi
_bCentax Publications Pvt. Ltd.
_c1999
999 _c673532
_d673532